Clic A quel âge sont-ils morts ? -2- - Statistiques

Statistiques générales
  • Ce quiz a été pris 18 fois
  • Le résultat moyen est 6 sur 50
Statistiques - réponses
Hint Extra Hint Réponse % Correct
L'Arlésienne Jeanne Calment née en 1875 122 ans
46%
L'acteur Kirk Douglas né en 1916 103 ans
31%
L'homme politique Nelson Mandela né en 1918 95 ans
31%
L'actrice Katharine Hepburn née en 1907 96 ans
31%
La reine Elisabeth II née en 1926 96 ans
31%
L'écrivaine Nathalie Sarraute née en 1900 99 ans
31%
Le chanteur Irving Berlin né en 1888 101 ans
23%
Le peintre Pierre Soulages né en 1919 102 ans
23%
Le peintre Marc Chagall né en 1887 97 ans
23%
L'acteur Karl Malden né en 1912 97 ans
23%
L'actrice Hélène Duc née en 1917 97 ans
23%
L'actrice Olivia de Havilland née en 1916 104 ans
15%
La religieuse Sr André née en 1904 118 ans
15%
Le physicien Edouard Branly né en 1844 95 ans
15%
Le cycliste Federico Bahamontes né en 1928 95 ans
15%
L'actrice Michèle Morgan née en 1920 96 ans
15%
L'acteur Michel Bouquet né en 1925 96 ans
15%
L'animateur Zappy Max né en 1921 97 ans
15%
L'écrivain Julien Green né en 1900 97 ans
15%
Le réalisateur Claude Autant-Lara né en 1901 98 ans
15%
La religieuse Sr Emmanuelle née en 1908 99 ans
15%
L'actrice Paulette Dubost née en 1910 100 ans
8%
L'actrice Danielle Darrieux née en 1917 100 ans
8%
L'anthropologue Claude Lévi-Strauss né en 1908 100 ans
8%
L'architecte Ieoh Ming Pei né en 1917 102 ans
8%
L'homme politique Antoine Pinay né en 1891 102 ans
8%
L'actrice Suzy Delair née en 1917 102 ans
8%
La chanteuse Léo Marjane née en 1912 104 ans
8%
Le cycliste Robert Marchand né en 1911 109 ans
8%
L'actrice Renée Simonot née en 1911 109 ans
8%
L'actrice Gina Lollobrigida née en 1927 95 ans
8%
L'accordéoniste Yvette Horner née en 1922 95 ans
8%
L'actrice Joan Fontaine née en 1917 96 ans
8%
Le réalisateur Jules Dassin né en 1911 96 ans
8%
L'actrice Orane Demazis née en 1894 97 ans
8%
L'écrivain Julien Gracq né en 1910 97 ans
8%
L'actrice Zsa Zsa Gabor née en 1917 99 ans
8%
L'actrice Renée Saint-Cyr née en 1904 99 ans
8%
Le prince consort Philip Mountbatten né en 1921 99 ans
8%
L'écrivaine Barbara Cartland née en 1901 99 ans
8%
L'actrice Dominique Marcas née en 1920 101 ans
0%
L'actrice Gisèle Casadesus née en 1914 103 ans
0%
L'architecte Oscar Nimeyer né en 1907 104 ans
0%
L'athlète Stanisław Kowalski né en 1910 111 ans
0%
Le professeur Robert Debré né en 1882 95 ans
0%
L'actrice Maria Pacôme née en 1923 95 ans
0%
Le photographe Henri Cartier-Bresson né en 1908 95 ans
0%
La chanteuse Patachou née en 1918 96 ans
0%
Le couturier Pierre Cardin né en 1922 98 ans
0%
L'actrice Denise Grey née en 1896 99 ans
0%
Aucun quiz correspondant
Distribution des résultats
% des personnes avec chaque résultat
Percentile par nombre de réponses
Votre historique - résultats
Vous n’avez pas pris ce quiz